Le tour du propriétaire (notice n° 1627792)

détails MARC
000 -LEADER
fixed length control field 01063cam a2200169 4500500
005 - DATE AND TIME OF LATEST TRANSACTION
control field 20260111094025.0
041 ## - LANGUAGE CODE
Language code of text/sound track or separate title fre
042 ## - AUTHENTICATION CODE
Authentication code dc
100 10 - MAIN ENTRY--PERSONAL NAME
Personal name Bittinger, Nathalie
Relator term author
245 00 - TITLE STATEMENT
Title Le tour du propriétaire
260 ## - PUBLICATION, DISTRIBUTION, ETC.
Date of publication, distribution, etc. 2021.<br/>
500 ## - GENERAL NOTE
General note 88
520 ## - SUMMARY, ETC.
Summary, etc. De Métropolis à Parasite, le cinéma jette un regard acéré sur la ségrégation spatiale et les divisions sociales inscrites dans l’habitat. Mais il envisage aussi une réconciliation entre les classes sociales, enregistre les traces de ce qui est voué à disparaître et montre des lieux véritablement habités.
520 ## - SUMMARY, ETC.
Summary, etc. From Metropolis to Parasite, cinema has taken a sharp look at spatial segregation and social divisions inscribed in housing. However it also stages a reconciliation between social classes, records traces of what is doomed to disappear and shows places that are truly inhabited.
786 0# - DATA SOURCE ENTRY
Note Esprit | Septembre | 9 | 2021-09-13 | p. 75-82 | 0014-0759
856 41 - ELECTRONIC LOCATION AND ACCESS
Uniform Resource Identifier <a href="https://shs.cairn.info/revue-esprit-2021-9-page-75?lang=fr&redirect-ssocas=7080">https://shs.cairn.info/revue-esprit-2021-9-page-75?lang=fr&redirect-ssocas=7080</a>

Pas d'exemplaire disponible.

PLUDOC

PLUDOC est la plateforme unique et centralisée de gestion des bibliothèques physiques et numériques de Guinée administré par le CEDUST. Elle est la plus grande base de données de ressources documentaires pour les Étudiants, Enseignants chercheurs et Chercheurs de Guinée.

Adresse

627 919 101/664 919 101

25 boulevard du commerce
Kaloum, Conakry, Guinée

Réseaux sociaux

Powered by Netsen Group @ 2025